000
00284nam a22001337a 4500
008
170809b xxu||||| |||| 00| 0 eng d
020
_a
0120935503
041
_a
eng
080
_a
004
100
_a
35
101
_a
SHK
245
_a
DATA STRUCTURES
_c
BERZTISS,A.T
942
_2
udc
_c
BK
999
_c
23043
_d
23043